| 000 -ლიდერი |
| ფიქსირებული სიგრძის საკონტროლო ველი |
03028nam a2200265Ia 4500 |
| 001 - საკონტროლო ნომერი |
| საკონტროლო ველი |
22445 |
| 003 - საკონტროლო ნომრის იდენტიფიკატორი |
| საკონტროლო ველი |
GE_BSU |
| 005 - ბოლო ოპერაციის თარიღი და დრო |
| საკონტროლო ველი |
20250826185236.0 |
| 008 - ფიქსირებული სიგრძის მონაცემთა ელემენტები - ზოგადი ინფორმაცია |
| ფიქსირებული სიგრძის საკონტროლო ველი |
181216s2015||||ge |||||||||||||| ||geo|| |
| 020 ## - წიგნის საერთაშორისო სტანდარტული ნომერი |
| International Standard Book Number |
9789941084805 |
| 040 ## - კატალოგიზაციის წყარო |
| Transcribing agency |
GE_BSU |
| 041 ## - ენის კოდი |
| Language code of text/sound track or separate title |
geo |
| 080 ## - უნივერსალური ათობითი კლასიფიკაციის ინდექსი |
| Universal Decimal Classification number |
316+314(479.22) პ-66 |
| 245 ## - ცნობა სათაურის შესახებ |
| Title |
პოსტ-თავადაზნაურთა სოციალური ტრანსფორმაცია პოლონეთსა და საქართველოში : |
| Remainder of title |
პოლონეთის მეცნ. აკად ფილოსოფიისა და სოციოლოგიის ინსტიტუტის და საქ. მეცნ. ეროვნ. აკად. საზ. მეცნ. განყ-ბის დემოგრაფიის კომისიის პირველი ერთობლივი სოციოლოგიური სემინარის მასალები (ვარშავა, 2015) = The social transformation of Post-Nobles in Poland and Georgia : Institute of Philosophy and Sociology, Polish Academy of Sciences, and Demographic Commission of the Department of Social Sciences, the National Academy of Georgia, Materials of the first joint sociological seminar (Warsaw, 2015 / |
| Statement of responsibility, etc |
სარედაქციო კოლეგია : ა. სულაბერიძე, ნ. გომელაური, ი. ქუთათელაძე, თ. ნამგალაშვილი ; წინასიტყვაობა როინ მეტრეველი |
| 264 ## - წარმოების, გამოცემის, დისტრიბუციის და სხვა ცნობები |
| გამოცემის, წარმოების, დისტრიბუციის... ადგილი |
თბილისი : |
| გამოცემის, წარმოების, დისტრიბუციის... სახელწოდება |
(საქ. მეცნ. ეროვნული აკადემიის სტამბა), |
| გამოცემის, წარმოების, დისტრიბუციის... თარიღი |
2015. |
| 300 ## - ფიზიკური აღწერა |
| Extent |
64 გვ. : |
| Other physical details |
ფოტ. ; |
| Dimensions |
20 სმ. |
| 546 ## - LANGUAGE NOTE |
| Language note |
თავფურ. და ტექსტი აგრეთვე ინგლ. ენაზე |
| 653 ## - INDEX TERM--UNCONTROLLED |
| Uncontrolled term |
ვარშავა, 2015 |
| 653 ## - INDEX TERM--UNCONTROLLED |
| Uncontrolled term |
თავადაზნაურობის სოციოლოგიური მდგომარეობა პოლონეთში |
| 653 ## - INDEX TERM--UNCONTROLLED |
| Uncontrolled term |
თავადაზნაურობის სოციოლოგიური მდგომარეობა საქართველოში |
| 653 ## - INDEX TERM--UNCONTROLLED |
| Uncontrolled term |
პოლონეთის მეცნ. აკად ფილოსოფიისა და სოციოლოგიის ინსტიტუტის და საქ. მეცნ. ეროვნ. აკად. საზ. მეცნ. განყ-ბის დემოგრაფიის კომისიის პირველი ერთობლივი სოციოლოგიური სემინარის მასალები |
| 653 ## - INDEX TERM--UNCONTROLLED |
| Uncontrolled term |
პოსტ-თავადაზნაურთა სოციალური ტრანსფორმაცია პოლონეთსა და საქართველოში |
| 942 ## - ADDED ENTRY ELEMENTS (KOHA) |
| Koha item type |
წიგნი |
| Source of classification or shelving scheme |
|